00952nam a22001817a 4500008004100000020001800041050001600059245003300075260004500108300001600153521044800169650003100617650003000648650001900678650002800697700002300725700002200748200212b xxu||||| |||| 00| 0 eng d a9781604563023 aRJ206.C5175 aChild nutrition physiology:/ aNew York:bNova biomedical books,c2008. axii, 326p.: aThe effectiveness of school-based interventions in promoting physical and fitness among children and youth oral rehydration therapy and early refeeding in the management of childhood gastroenteritis breastfeeding: from breast to baby human milk and new prebiotic-like fermented infant formulas indigenous gut microbiota and probiotics in paediatric coeliac disease. long term evolution of children with coeliac disease: study of 300 cases aChild nutrition physiology aChild nutrition disorders aBreast feeding aMilk, human- metabolism aOverton, Linda T. aEwente, Monica R.